Elements of law simplified (Revised edition) : a textbook for K.A.T.C and K.A.M.E paper 5
Na minha lista:
| Autor principal: | |
|---|---|
| Outros Autores: | |
| Formato: | Livro |
| Publicado em: |
Nairobi :
N. A. SALEEMI,
c2000.
|
| Edição: | Rev. ed. |
| Assuntos: | |
| Tags: |
Adicionar Tag
Sem tags, seja o primeiro a adicionar uma tag!
|
MARC
| LEADER | 00000nam a2200000 4500 | ||
|---|---|---|---|
| 020 | |a 996628155X |c TZS 8,500/= | ||
| 040 | |a MUL |b eng. |e AACR | ||
| 082 | |a 340 SAL | ||
| 100 | |a Saleemi, Nisar Ahmad | ||
| 245 | |a Elements of law simplified (Revised edition) |b : a textbook for K.A.T.C and K.A.M.E paper 5 |c / Nisar Ahmad Saleemi and Tibaijuka Kyozaire Ateenyi | ||
| 250 | |a Rev. ed. | ||
| 260 | |a Nairobi : |b N. A. SALEEMI, |c c2000. | ||
| 300 | |a vi, 312 p. : |c 23 cm. | ||
| 546 | |a eng. | ||
| 650 | |a Law of contract | ||
| 650 | |a Law |z Kenya | ||
| 700 | |a Ateenyi, Tibaijuka Kyozaire | ||
| 942 | |c BK | ||
| 999 | |c 597 |d 597 | ||